[Event "Campeonato España Sub 10"]
[Site "Salobreña"]
[Date "2017.07.03"]
[Round "2"]
[White "Fuertes Cirauqui, Pablo"]
[Black "Suarez Gomez, Paula"]
[Result "1-0"]
[Board "17"]
[WhiteClock "-:--:--"]
[WhiteElo "1415"]
[WhiteCountry "ESP"]
[WhiteFideId "24513598"]
[WhiteEloChange "4"]
[BlackClock "-:--:--"]
[BlackElo "1150"]
[BlackCountry "ESP"]
[BlackFideId "24537217"]
[BlackEloChange "-4"]

1. e4 {[%clk 1:30:00]} e6 {[%clk 1:30:00]} 2. d4 {[%clk 1:31:00]} d5 {[%clk
1:31:00]} 3. Bd3 {[%clk 1:31:00]} dxe4 {[%clk 1:31:00]} 4. Bxe4 {[%clk 1:31:00]}
Nf6 {[%clk 1:32:00]} 5. Bf3 {[%clk 1:31:00]} c5 {[%clk 1:32:00]} 6. c3 {[%clk
1:31:00]} Nc6 {[%clk 1:31:00]} 7. Ne2 {[%clk 1:30:00]} e5 {[%clk 1:30:00]} 8. d5
{[%clk 1:26:00]} e4 {[%clk 1:30:00]} 9. dxc6 {[%clk 1:25:00]} Qxd1+ {[%clk
1:30:00]} 10. Kxd1 {[%clk 1:24:00]} exf3 {[%clk 1:31:00]} 11. gxf3 {[%clk
1:24:00]} bxc6 {[%clk 1:31:00]} 12. Re1 {[%clk 1:24:00]} Be7 {[%clk 1:30:00]} 13.
Ng3 {[%clk 1:22:00]} Be6 {[%clk 1:28:00]} 14. f4 {[%clk 1:22:00]} O-O-O+ {[%clk
1:23:00]} 15. Kc2 {[%clk 1:22:00]} Bd6 {[%clk 1:20:00]} 16. f5 {[%clk 1:21:00]}
Bc4 {[%clk 1:20:00]} 17. b3 {[%clk 1:19:00]} Bxg3 {[%clk 1:20:00]} 18. bxc4
{[%clk 1:19:00]} Bxf2 {[%clk 1:20:00]} 19. Re7 {[%clk 1:19:00]} Rd7 {[%clk
1:20:00]} 20. Re2 {[%clk 1:19:00]} Bh4 {[%clk 1:20:00]} 21. Bf4 {[%clk 1:19:00]}
Nh5 {[%clk 1:10:00]} 22. Re4 {[%clk 1:09:00]} Nxf4 {[%clk 1:02:00]} 23. Rxf4
{[%clk 1:09:00]} Bg5 {[%clk 1:02:00]} 24. Rg4 {[%clk 1:09:00]} Bh6 {[%clk
1:00:00]} 25. Rh4 {[%clk 1:09:00]} Re8 {[%clk 1:00:00]} 26. f6 {[%clk 1:04:00]}
Bg5 {[%clk 0:57:00]} 27. Rxh7 {[%clk 1:02:00]} Bxf6 {[%clk 0:56:00]} 28. Rh5
{[%clk 1:02:00]} Re2+ {[%clk 0:56:00]} 29. Kb3 {[%clk 1:02:00]} Be5 {[%clk
0:55:00]} 30. Na3 {[%clk 0:52:00]} Rb7+ {[%clk 0:53:00]} 31. Ka4 {[%clk 0:49:00]}
Bxc3 {[%clk 0:53:00]} 32. Rc1 {[%clk 0:48:00]} Bb4 {[%clk 0:52:00]} 33. Rc2
{[%clk 0:47:00]} Rxc2 {[%clk 0:49:00]} 34. Nxc2 {[%clk 0:47:00]} g6 {[%clk
0:48:00]} 35. Rg5 {[%clk 0:48:00]} Kd7 {[%clk 0:46:00]} 36. a3 {[%clk 0:47:00]}
Bd2 {[%clk 0:43:00]} 37. Rxc5 {[%clk 0:46:00]} Bf4 {[%clk 0:43:00]} 38. h3 {[%clk
0:46:00]} Kd6 {[%clk 0:42:00]} 39. Ra5 {[%clk 0:42:00]} Bd2 {[%clk 0:40:00]} 40.
Ra6 {[%clk 0:42:00]} f5 {[%clk 0:40:00]} 41. Nd4 {[%clk 0:42:00]} Kc5 {[%clk
0:40:00]} 42. Nb3+ {[%clk 0:42:00]} Kxc4 {[%clk 0:40:00]} 43. Nxd2+ {[%clk
0:42:00]} Kd3 {[%clk 0:40:00]} 44. Nf3 {[%clk 0:42:00]} Ke3 {[%clk 0:40:00]} 45.
Ng5 {[%clk 0:42:00]} f4 {[%clk 0:40:00]} 46. Rxc6 {[%clk 0:42:00]} f3 {[%clk
0:40:00]} 47. Rc3+ {[%clk 0:42:00]} Kf4 {[%clk 0:40:00]} 48. Nxf3 {[%clk
0:42:00]} Rh7 {[%clk 0:40:00]} 49. h4 {[%clk 0:42:00]} Kg4 {[%clk 0:40:00]} 50.
Nh2+ {[%clk 0:42:00]} Kxh4 {[%clk 0:40:00]} 51. Rc4+ {[%clk 0:42:00]} Kg3 {[%clk
0:40:00]} 52. Nf1+ {[%clk 0:42:00]} Kf2 {[%clk 0:40:00]} 53. Rf4+ {[%clk
0:42:00]} Ke2 {[%clk 0:40:00]} 54. Ng3+ {[%clk 0:42:00]} Ke3 {[%clk 0:40:00]} 55.
Rg4 {[%clk 0:42:00]} Rh6 {[%clk 0:40:00]} 56. Ne4 {[%clk 0:42:00]} Kf3 {[%clk
0:40:00]} 57. Nf6 {[%clk 0:42:00]} g5 {[%clk 0:40:00]} 58. Rxg5 {[%clk 0:42:00]}
Rxf6 {[%clk 0:40:00]} 59. Rg7 {[%clk 0:42:00]} Ra6+ {[%clk 0:40:00]} 60. Kb4
{[%clk 0:42:00]} Rb6+ {[%clk 0:40:00]} 61. Ka5 {[%clk 0:42:00]} Rh6 {[%clk
0:40:00]} 62. Rxa7 {[%clk 0:42:00]} Rh5+ {[%clk 0:40:00]} 63. Kb4 {[%clk
0:42:00]} Rh4+ {[%clk 0:40:00]} 64. Kb3 {[%clk 0:42:00]} Ke2 {[%clk 0:40:00]} 65.
Rc7 {[%clk 0:42:00]} Rh3+ {[%clk 0:40:00]} 66. Kb4 {[%clk 0:42:00]} Rh8 {[%clk
0:40:00]} 67. Rc5 {[%clk 0:42:00]} Kd3 {[%clk 0:40:00]} 68. a4 {[%clk 0:42:00]}
Ra8 {[%clk 0:40:00]} 69. a5 {[%clk 0:42:00]} Kd4 {[%clk 0:40:00]} 70. Rc6 {[%clk
0:42:00]} Kd5 {[%clk 0:40:00]} 71. Rb6 {[%clk 0:42:00]} Ra7 {[%clk 0:40:00]} 72.
a6 {[%clk 0:42:00]} Kd4 {[%clk 0:40:00]} 73. Kb5 {[%clk 0:42:00]} Kd5 {[%clk
0:40:00]} 74. Rb7 {[%clk 0:42:00]} Ra8 {[%clk 0:40:00]} 75. Kb6 {[%clk 0:42:00]}
Kd6 {[%clk 0:40:00]} 76. a7 {[%clk 0:42:00]} Kd5 {[%clk 0:40:00]} 77. Rb8 {[%clk
0:42:00]} Rxa7 {[%clk 0:40:00]} 78. Kxa7 {[%clk 0:42:00]} Kc6 {[%clk 0:40:00]}
79. Rb4 {[%clk 0:42:00]} Kc5 {[%clk 0:40:00]} 80. Rh4 {[%clk 0:42:00]} Kd5 {[%clk
0:40:00]} 81. Kb6 {[%clk 0:42:00]} Kd6 {[%clk 0:40:00]} 82. Rd4+ {[%clk 0:42:00]}
Ke5 {[%clk 0:40:00]} 83. Rd1 {[%clk 0:42:00]} Ke4 {[%clk 0:40:00]} 84. Kc5 {[%clk
0:42:00]} Ke3 {[%clk 0:40:00]} 85. Kc4 {[%clk 0:42:00]} Ke2 {[%clk 0:40:00]} 86.
Rd3 {[%clk 0:42:00]} Kf2 {[%clk 0:40:00]} 87. Kd4 {[%clk 0:42:00]} Kg2 {[%clk
0:40:00]} 88. Ke4 {[%clk 0:42:00]} Kh2 {[%clk 0:40:00]} 89. Kf4 {[%clk 0:42:00]}
Kg2 {[%clk 0:40:00]} 90. Ra3 {[%clk 0:42:00]} Kh2 {[%clk 0:40:00]} 91. Kg4 {[%clk
0:42:00]} Kg2 {[%clk 0:40:00]} 92. Ra2+ {[%clk 0:42:00]} Kf1 {[%clk 0:40:00]} 93.
Kg3 {[%clk 0:42:00]} Ke1 {[%clk 0:40:00]} 94. Kf3 {[%clk 0:42:00]} Kd1 {[%clk
0:40:00]} 95. Ke3 {[%clk 0:42:00]} Kc1 {[%clk 0:40:00]} 96. Kd3 {[%clk 0:42:00]}
Kb1 {[%clk 0:40:00]} 97. Rh2 {[%clk 0:42:00]} Kc1 {[%clk 0:40:00]} 98. Rg2 {[%clk
0:42:00]} Kb1 {[%clk 0:40:00]} 99. Kc3 {[%clk 0:42:00]} Ka1 {[%clk 0:40:00]} 100.
Kb3 {[%clk 0:42:00]} Kb1 {[%clk 0:40:00]} 101. Rg1# {[%clk 0:42:00]} 1-0

[Event "Campeonato España Sub 10"]
[Site "Salobreña"]
[Date "2017.07.03"]
[Round "2"]
[White "Hernandez Hurtado, Jose Carlos"]
[Black "Garijo Perez, Hugo"]
[Result "1/2-1/2"]
[Board "18"]
[WhiteClock "-:--:--"]
[WhiteElo "1234"]
[WhiteCountry "ESP"]
[WhiteFideId "32096305"]
[WhiteEloChange "4"]
[BlackClock "-:--:--"]
[BlackElo "1392"]
[BlackCountry "ESP"]
[BlackFideId "24533033"]
[BlackEloChange "-4"]

1. e4 {[%clk 1:30:00]} e5 {[%clk 1:30:00]} 2. Nf3 {[%clk 1:31:00]} Nc6 {[%clk
1:30:00]} 3. d4 {[%clk 1:31:00]} exd4 {[%clk 1:29:00]} 4. Bc4 {[%clk 1:32:00]} h6
{[%clk 1:23:00]} 5. Nxd4 {[%clk 1:32:00]} Bc5 {[%clk 1:21:00]} 6. Nxc6 {[%clk
1:32:00]} bxc6 {[%clk 1:17:00]} 7. Qh5 {[%clk 1:32:00]} d5 {[%clk 1:11:00]} 8.
Qe5+ {[%clk 1:31:00]} Qe7 {[%clk 1:10:00]} 9. Qxe7+ {[%clk 1:32:00]} Nxe7 {[%clk
1:11:00]} 10. exd5 {[%clk 1:32:00]} cxd5 {[%clk 1:11:00]} 11. Bb5+ {[%clk
1:32:00]} c6 {[%clk 1:11:00]} 12. Ba4 {[%clk 1:32:00]} O-O {[%clk 1:11:00]} 13.
O-O {[%clk 1:33:00]} Bb7 {[%clk 1:09:00]} 14. Nc3 {[%clk 1:33:00]} Ng6 {[%clk
1:06:00]} 15. Bd2 {[%clk 1:31:00]} Ne5 {[%clk 1:05:00]} 16. b4 {[%clk 1:31:00]}
Bb6 {[%clk 1:05:00]} 17. Bf4 {[%clk 1:31:00]} f6 {[%clk 0:54:00]} 18. Bb3 {[%clk
1:26:00]} Bc7 {[%clk 0:51:00]} 19. f3 {[%clk 1:24:00]} Bb6+ {[%clk 0:51:00]} 20.
Kh1 {[%clk 1:25:00]} Bd4 {[%clk 0:50:00]} 21. Bd2 {[%clk 1:25:00]} Ba6 {[%clk
0:49:00]} 22. Rfd1 {[%clk 1:24:00]} Nc4 {[%clk 0:48:00]} 23. Bxc4 {[%clk
1:24:00]} Bxc4 {[%clk 0:48:00]} 24. Be1 {[%clk 1:22:00]} Be5 {[%clk 0:48:00]} 25.
a3 {[%clk 1:21:00]} Rfe8 {[%clk 0:47:00]} 26. Rab1 {[%clk 1:21:00]} a5 {[%clk
0:45:00]} 27. Na4 {[%clk 1:17:00]} axb4 {[%clk 0:45:00]} 28. Nb6 {[%clk 1:15:00]}
bxa3 {[%clk 0:37:00]} 29. Nxa8 {[%clk 1:15:00]} a2 {[%clk 0:36:00]} 30. Nb6
{[%clk 1:14:00]} axb1Q {[%clk 0:36:00]} 31. Rxb1 {[%clk 1:15:00]} Bb5 {[%clk
0:36:00]} 32. Nd7 {[%clk 1:15:00]} Bd6 {[%clk 0:34:00]} 33. Nb6 {[%clk 1:14:00]}
Re2 {[%clk 0:34:00]} 34. Nc8 {[%clk 1:13:00]} Bc7 {[%clk 0:34:00]} 35. Na7 {[%clk
1:14:00]} Rxc2 {[%clk 0:33:00]} 36. Bg3 {[%clk 1:12:00]} Bxg3 {[%clk 0:33:00]}
37. hxg3 {[%clk 1:13:00]} Rc5 {[%clk 0:33:00]} 38. Nc8 {[%clk 1:11:00]} d4 {[%clk
0:33:00]} 39. Rd1 {[%clk 1:12:00]} d3 {[%clk 0:32:00]} 40. Kg1 {[%clk 1:12:00]}
Rc2 {[%clk 0:32:00]} 41. Ne7+ {[%clk 1:12:00]} Kf7 {[%clk 0:32:00]} 42. Nf5
{[%clk 1:12:00]} Ba4 {[%clk 0:31:00]} 43. Rxd3 {[%clk 1:13:00]} Bb5 {[%clk
0:30:00]} 44. Rd7+ {[%clk 1:12:00]} Ke6 {[%clk 0:30:00]} 45. Nd4+ {[%clk
1:12:00]} Kxd7 {[%clk 0:30:00]} 46. Nxc2 {[%clk 1:13:00]} c5 {[%clk 0:31:00]} 47.
Kf2 {[%clk 1:13:00]} Ke6 {[%clk 0:30:00]} 48. Ke3 {[%clk 1:13:00]} g5 {[%clk
0:30:00]} 49. g4 {[%clk 1:13:00]} Ke5 {[%clk 0:30:00]} 50. g3 {[%clk 1:13:00]}
Kd5 {[%clk 0:29:00]} 51. Na3 {[%clk 1:13:00]} Ba4 {[%clk 0:29:00]} 52. Nb1 {[%clk
1:13:00]} Kc4 {[%clk 0:29:00]} 53. Nd2+ {[%clk 1:14:00]} 1/2-1/2

[Event "Campeonato España Sub 10"]
[Site "Salobreña"]
[Date "2017.07.03"]
[Round "2"]
[White "Diaz Medina, Angelo"]
[Black "Molina Ortega, Carlos"]
[Result "1-0"]
[Board "19"]
[WhiteClock "-:--:--"]
[WhiteElo "1378"]
[WhiteCountry "ESP"]
[WhiteFideId "24562432"]
[WhiteEloChange "6"]
[BlackClock "-:--:--"]
[BlackElo "1218"]
[BlackCountry "ESP"]
[BlackFideId "24533122"]
[BlackEloChange "-6"]

1. e4 {4[%clk 1:30:00]} c5 {4[%clk 1:30:00]} 2. Nf3 {4[%clk 1:31:00]} d6 {[%clk
1:31:00]} 3. d4 {[%clk 1:31:00]} cxd4 {[%clk 1:31:00]} 4. Nxd4 {[%clk 1:31:00]}
Nf6 {[%clk 1:31:00]} 5. Nc3 {[%clk 1:31:00]} g6 {[%clk 1:32:00]} 6. Be2 {[%clk
1:29:00]} Bg7 {[%clk 1:32:00]} 7. Be3 {[%clk 1:29:00]} O-O {[%clk 1:32:00]} 8. f4
{[%clk 1:30:00]} Nc6 {[%clk 1:32:00]} 9. O-O {[%clk 1:24:00]} Qb6 {[%clk
1:31:00]} 10. Qd2 {[%clk 1:13:00]} Nxe4 {[%clk 1:29:00]} 11. Nxe4 {[%clk
1:11:00]} Bxd4 {[%clk 1:29:00]} 12. Bxd4 {[%clk 1:10:00]} Nxd4 {[%clk 1:29:00]}
13. Kh1 {[%clk 1:09:00]} Nxe2 {[%clk 1:29:00]} 14. Qxe2 {[%clk 1:09:00]} Qxb2
{[%clk 1:29:00]} 15. Ng5 {[%clk 1:09:00]} Bd7 {[%clk 1:29:00]} 16. Qxe7 {[%clk
1:09:00]} Bf5 {[%clk 1:26:00]} 17. Qxd6 {[%clk 0:52:00]} Qxc2 {[%clk 1:25:00]}
18. Rfe1 {[%clk 0:43:00]} Rfd8 {[%clk 1:25:00]} 19. Qf6 {[%clk 0:42:00]} Rf8
{[%clk 1:23:00]} 20. Re7 {[%clk 0:42:00]} Qc6 {[%clk 1:23:00]} 21. Qxc6 {[%clk
0:39:00]} bxc6 {[%clk 1:23:00]} 22. Rc7 {[%clk 0:39:00]} Rac8 {[%clk 1:23:00]}
23. Rxa7 {[%clk 0:39:00]} c5 {[%clk 1:24:00]} 24. Rc1 {[%clk 0:40:00]} c4 {[%clk
1:23:00]} 25. a4 {[%clk 0:39:00]} c3 {[%clk 1:24:00]} 26. a5 {[%clk 0:38:00]} c2
{[%clk 1:24:00]} 27. Re7 {[%clk 0:38:00]} Rcd8 {[%clk 1:24:00]} 28. Ree1 {[%clk
0:38:00]} Rb8 {[%clk 1:23:00]} 29. a6 {[%clk 0:38:00]} Rb1 {[%clk 1:24:00]} 30.
g4 {[%clk 0:37:00]} Rd8 {[%clk 1:22:00]} 31. Kg2 {[%clk 0:34:00]} Bxg4 {[%clk
1:19:00]} 32. Rxb1 {[%clk 0:34:00]} 1-0

[Event "Campeonato España Sub 10"]
[Site "Salobreña"]
[Date "2017.07.04"]
[Round "3"]
[White "Macias Pino, Diego"]
[Black "Diaz Medina, Angelo"]
[Result "1-0"]
[Board "1"]
[WhiteClock "0:00.00"]
[WhiteElo "1732"]
[WhiteCountry "ESP"]
[WhiteFideId "24529133"]
[WhiteEloChange "2"]
[BlackClock "0:00.00"]
[BlackElo "1378"]
[BlackCountry "ESP"]
[BlackFideId "24562432"]
[BlackEloChange "-2"]

1. e4 {[%clk 1:30:30]} e5 {[%clk 1:30:30]} 2. Nf3 {[%clk 1:30:30]} Nc6 {[%clk
1:30:30]} 3. d4 {[%clk 1:30:30]} exd4 {[%clk 1:30:30]} 4. Bc4 {[%clk 1:30:30]}
Bc5 {[%clk 1:30:30]} 5. c3 {[%clk 1:30:30]} d6 {[%clk 1:30:30]} 6. cxd4 {[%clk
1:30:30]} Bb6 {[%clk 1:30:30]} 7. Nc3 {[%clk 1:30:30]} Nf6 {[%clk 1:30:30]} 8.
O-O {[%clk 1:30:30]} Bg4 {[%clk 1:30:30]} 9. d5 {[%clk 1:30:30]} Ne5 {[%clk
1:30:30]} 10. Be2 {[%clk 1:30:30]} Nfd7 {[%clk 1:30:30]} 11. Nxe5 {[%clk
1:30:30]} Bxe2 {[%clk 1:30:30]} 12. Nxf7 {[%clk 1:30:30]} Bxd1 {[%clk 1:30:30]}
13. Nxd8 {[%clk 1:30:30]} Bg4 {[%clk 1:30:30]} 14. h3 {[%clk 1:30:30]} Bxh3
{[%clk 1:30:30]} 15. gxh3 {[%clk 1:30:30]} Rxd8 {[%clk 1:30:30]} 16. a4 {[%clk
1:30:30]} a6 {[%clk 1:30:30]} 17. a5 {[%clk 1:30:30]} Bd4 {[%clk 1:30:30]} 18.
Ne2 {[%clk 1:30:30]} Bc5 {[%clk 1:30:30]} 19. Bd2 {[%clk 1:30:30]} Rf8 {[%clk
1:30:30]} 20. b4 {[%clk 1:30:30]} Ba7 {[%clk 1:30:30]} 21. Kg2 {[%clk 1:30:30]}
Ne5 {[%clk 1:30:30]} 22. Rac1 {[%clk 1:30:30]} Rd7 {[%clk 1:30:30]} 23. f4 {[%clk
1:30:30]} Ng6 {[%clk 1:30:30]} 24. Kg3 {[%clk 1:30:30]} Kd8 {[%clk 1:30:30]} 25.
h4 {[%clk 1:30:30]} h6 {[%clk 1:30:30]} 26. h5 {[%clk 1:30:30]} Ne7 {[%clk
1:30:30]} 27. Bc3 {[%clk 1:30:30]} Ng8 {[%clk 1:30:30]} 28. Bd4 {[%clk 1:30:30]}
Bxd4 {[%clk 1:30:30]} 29. Nxd4 {[%clk 1:30:30]} Re8 {[%clk 1:30:30]} 30. Ne6+
{[%clk 1:30:30]} Kc8 {[%clk 1:30:30]} 31. Kf3 {[%clk 1:30:30]} Nf6 {[%clk
1:30:30]} 32. Rh1 {[%clk 1:30:30]} Rde7 {[%clk 1:30:30]} 33. Rcg1 {[%clk
1:30:30]} Rg8 {[%clk 1:30:30]} 34. Rg6 {[%clk 1:30:30]} Rf7 {[%clk 1:30:30]} 35.
Ke3 {[%clk 1:30:30]} b6 {[%clk 1:30:30]} 36. Rhg1 {[%clk 1:30:30]} Nxh5 {[%clk
1:30:30]} 37. Rxh6 {[%clk 1:30:30]} Nf6 {[%clk 1:30:30]} 38. Rhg6 {[%clk
1:30:30]} Ne8 {[%clk 1:30:30]} 39. R6g5 {[%clk 1:30:30]} Kb8 {[%clk 1:30:30]} 40.
e5 {[%clk 1:30:30]} bxa5 {[%clk 1:30:30]} 41. bxa5 {[%clk 1:30:30]} dxe5 {[%clk
1:30:30]} 42. fxe5 {[%clk 1:30:30]} Ka7 {[%clk 1:30:30]} 43. Rb1 {[%clk 1:30:30]}
g6 {[%clk 1:30:30]} 44. Nd8 {[%clk 1:30:30]} Nd6 {[%clk 1:30:30]} 45. Nc6+ {[%clk
1:30:30]} Ka8 {[%clk 1:30:30]} 46. exd6 {[%clk 1:30:30]} cxd6 {[%clk 1:30:30]}
47. Rxg6 {[%clk 1:30:30]} Re8+ {[%clk 1:30:30]} 48. Re6 {[%clk 1:30:30]} Rxe6+
{[%clk 1:30:30]} 49. dxe6 {[%clk 1:30:30]} Rf8 {[%clk 1:30:30]} 50. e7 {[%clk
1:30:30]} Re8 {[%clk 1:30:30]} 51. Rb8+ {[%clk 1:30:30]} Rxb8 {[%clk 1:30:30]}
52. Nxb8 {[%clk 1:30:30]} Kxb8 {[%clk 1:30:30]} 53. e8Q+ {[%clk 1:30:30]} Kc7
{[%clk 1:30:30]} 54. Kd4 {[%clk 1:30:30]} Kb7 {[%clk 1:30:30]} 55. Kd5 {[%clk
1:30:30]} Kc7 {[%clk 1:30:30]} 56. Qe7+ {[%clk 1:30:30]} Kc8 {[%clk 1:30:30]} 57.
Kc6 {[%clk 1:30:30]} Kb8 {[%clk 1:30:30]} 58. Qb7# {[%clk 1:30:30]} 1-0

[Event "Campeonato España Sub 10"]
[Site "Salobreña"]
[Date "2017.07.04"]
[Round "3"]
[White "Miro Arbelaes, Aleix"]
[Black "Ano Pla, Gerard"]
[Result "0-1"]
[Board "2"]
[WhiteClock "1:28"]
[WhiteElo "1404"]
[WhiteCountry "ESP"]
[WhiteFideId "24560545"]
[WhiteEloChange "-3"]
[BlackClock "1:30"]
[BlackElo "1741"]
[BlackCountry "ESP"]
[BlackFideId "24560561"]
[BlackEloChange "3"]

1. d4 {[%clk 1:29:00]} Nf6 {[%clk 1:30:00]} 2. c4 {[%clk 1:28:00]} e6 {[%clk
1:29:00]} 3. Nf3 {[%clk 1:26:00]} b6 {[%clk 1:28:00]} 4. g3 {[%clk 1:25:00]} Ba6
{[%clk 1:24:00]} 5. Qc2 {[%clk 1:24:00]} Nc6 {[%clk 1:23:00]} 6. Bg2 {[%clk
1:22:00]} Be7 {[%clk 1:21:00]} 7. O-O {[%clk 1:20:00]} O-O {[%clk 1:21:00]} 8. b3
{[%clk 1:18:00]} Rc8 {[%clk 1:16:00]} 9. Bb2 {[%clk 1:16:00]} d5 {[%clk 1:06:00]}
10. cxd5 {[%clk 1:10:00]} Nb4 {[%clk 1:06:00]} 11. Qd2 {[%clk 1:09:00]} Nbxd5
{[%clk 1:05:00]} 12. a3 {[%clk 1:04:00]} c5 {[%clk 0:49:00]} 13. dxc5 {[%clk
0:54:00]} Bxc5 {[%clk 0:49:00]} 14. b4 {[%clk 0:47:00]} Be7 {[%clk 0:44:00]} 15.
Re1 {[%clk 0:43:00]} Bb7 {[%clk 0:35:00]} 16. Qg5 {[%clk 0:35:00]} h6 {[%clk
0:35:00]} 17. Qe5 {[%clk 0:34:00]} Ne8 {[%clk 0:30:00]} 18. Rd1 {[%clk 0:32:00]}
Bf6 {[%clk 0:29:00]} 19. Qh5 {[%clk 0:30:00]} Bxb2 {[%clk 0:28:00]} 20. Ra2
{[%clk 0:30:00]} Qf6 {[%clk 0:25:00]} 21. Rd2 {[%clk 0:28:00]} Rc1+ {[%clk
0:25:00]} 22. Bf1 {[%clk 0:27:00]} Rxb1 {[%clk 0:25:00]} 23. e4 {[%clk 0:27:00]}
Bc3 {[%clk 0:25:00]} 0-1

[Event "Campeonato España Sub 10"]
[Site "Salobreña"]
[Date "2017.07.04"]
[Round "3"]
[White "Andres Iniguez, Iker"]
[Black "Mullor Pena, Claudia"]
[Result "1-0"]
[Board "3"]
[WhiteClock "1:30"]
[WhiteElo "1709"]
[WhiteCountry "ESP"]
[WhiteFideId "24580740"]
[WhiteEloChange "2"]
[BlackClock "1:30"]
[BlackElo "1273"]
[BlackCountry "ESP"]
[BlackFideId "24560316"]
[BlackEloChange "-2"]

1. d4 {[%clk 1:30:00]} Nf6 {[%clk 1:30:00]} 2. Nf3 {[%clk 1:30:00]} e6 {[%clk
1:30:00]} 3. e3 {[%clk 1:30:00]} b6 {[%clk 1:30:00]} 4. Bd3 {[%clk 1:30:00]} Bb7
{[%clk 1:30:00]} 5. Nbd2 {[%clk 1:30:00]} d5 {[%clk 1:30:00]} 6. Ne5 {[%clk
1:26:00]} Bd6 {[%clk 1:29:00]} 7. Ndf3 {[%clk 1:24:00]} h6 {[%clk 1:28:00]} 8.
Bd2 {[%clk 1:23:00]} Nbd7 {[%clk 1:26:00]} 9. Qe2 {[%clk 1:21:00]} a6 {[%clk
1:24:00]} 10. a3 {[%clk 1:20:00]} O-O {[%clk 1:24:00]} 11. O-O {[%clk 1:20:00]}
c5 {[%clk 1:23:00]} 12. c3 {[%clk 1:20:00]} c4 {[%clk 1:20:00]} 13. Bc2 {[%clk
1:20:00]} b5 {[%clk 1:20:00]} 14. a4 {[%clk 1:17:00]} Ne4 {[%clk 1:18:00]} 15. b3
{[%clk 1:14:00]} Qc7 {[%clk 1:16:00]} 16. b4 {[%clk 1:08:00]} Nxe5 {[%clk
1:15:00]} 17. dxe5 {[%clk 1:04:00]} Bxe5 {[%clk 1:15:00]} 18. Nxe5 {[%clk
1:03:00]} Qxe5 {[%clk 1:15:00]} 19. Qe1 {[%clk 1:03:00]} f5 {[%clk 1:12:00]} 20.
f3 {[%clk 1:02:00]} Nd6 {[%clk 1:10:00]} 21. Qh4 {[%clk 0:57:00]} Rf6 {[%clk
1:07:00]} 22. f4 {[%clk 0:57:00]} Rg6 {[%clk 1:03:00]} 23. fxe5 {[%clk 0:55:00]}
Nf7 {[%clk 1:03:00]} 24. Qe7 {[%clk 0:52:00]} Ra7 {[%clk 1:01:00]} 25. Qe8+
{[%clk 0:52:00]} Kh7 {[%clk 1:01:00]} 26. Qxf7 {[%clk 0:52:00]} d4 {[%clk
1:00:00]} 27. Rxf5 {[%clk 0:51:00]} Rxg2+ {[%clk 0:59:00]} 28. Kf1 {[%clk
0:52:00]} Rxd2 {[%clk 0:58:00]} 29. Rg5+ {[%clk 0:52:00]} Be4 {[%clk 0:57:00]}
30. Bxe4+ {[%clk 0:52:00]} Kh8 {[%clk 0:57:00]} 31. Qf8# {[%clk 0:52:00]} 1-0

[Event "Campeonato España Sub 10"]
[Site "Salobreña"]
[Date "2017.07.04"]
[Round "3"]
[White "Tudela Gonzalez, Victor"]
[Black "Ermachenko, Manuel"]
[Result "1-0"]
[Board "4"]
[WhiteClock "1:30"]
[WhiteElo "1419"]
[WhiteCountry "ESP"]
[WhiteFideId "24528030"]
[WhiteEloChange "16"]
[BlackClock "1:30"]
[BlackElo "1678"]
[BlackCountry "ESP"]
[BlackFideId "24560952"]
[BlackEloChange "-16"]

1. e4 {[%clk 1:30:00]} c5 {[%clk 1:30:00]} 2. Nc3 {[%clk 1:30:00]} e6 {[%clk
1:31:00]} 3. f4 {[%clk 1:29:00]} d5 {[%clk 1:31:00]} 4. Bb5+ {[%clk 1:21:00]} Bd7
{[%clk 1:31:00]} 5. Bxd7+ {[%clk 1:16:00]} Qxd7 {[%clk 1:32:00]} 6. d3 {[%clk
1:12:00]} Nc6 {[%clk 1:32:00]} 7. Nf3 {[%clk 1:09:00]} Be7 {[%clk 1:31:00]} 8.
O-O {[%clk 1:04:00]} d4 {[%clk 1:23:00]} 9. Ne2 {[%clk 0:58:00]} Nf6 {[%clk
1:23:00]} 10. h3 {[%clk 0:54:00]} h6 {[%clk 1:22:00]} 11. Bd2 {[%clk 0:48:00]}
O-O {[%clk 1:22:00]} 12. Qe1 {[%clk 0:46:00]} b5 {[%clk 1:19:00]} 13. Qg3 {[%clk
0:42:00]} Rfd8 {[%clk 1:18:00]} 14. Ne5 {[%clk 0:39:00]} Qc7 {[%clk 1:17:00]} 15.
Nxc6 {[%clk 0:35:00]} Qxc6 {[%clk 1:17:00]} 16. f5 {[%clk 0:32:00]} Kh8 {[%clk
1:16:00]} 17. fxe6 {[%clk 0:31:00]} Qxe6 {[%clk 1:16:00]} 18. Nf4 {[%clk
0:29:00]} Qb6 {[%clk 1:13:00]} 19. Nd5 {[%clk 0:28:00]} Nxd5 {[%clk 1:13:00]} 20.
exd5 {[%clk 0:28:00]} Bf6 {[%clk 1:13:00]} 21. c4 {[%clk 0:27:00]} dxc3 {[%clk
1:11:00]} 22. Bxc3 {[%clk 0:27:00]} Rxd5 {[%clk 1:10:00]} 23. Rxf6 {[%clk
0:20:00]} gxf6 {[%clk 1:09:00]} 24. Qf3 {[%clk 0:20:00]} Qd6 {[%clk 1:08:00]} 25.
Bxf6+ {[%clk 0:20:00]} Kg8 {[%clk 1:08:00]} 26. Re1 {[%clk 0:19:29]} h5 {[%clk
1:06:00]} 27. Re5 {[%clk 0:17:35]} Rxe5 {[%clk 0:58:00]} 28. Qxa8+ {[%clk
0:17:33]} Kh7 {[%clk 0:59:00]} 29. Qh8+ {[%clk 0:17:46]} Kg6 {[%clk 0:59:00]} 30.
Bxe5 {[%clk 0:18:00]} Qb6 {[%clk 0:59:00]} 31. Kf1 {[%clk 0:17:15]} c4 {[%clk
0:59:00]} 32. dxc4 {[%clk 0:17:10]} bxc4 {[%clk 0:59:00]} 33. Bc3 {[%clk
0:16:58]} Qe6 {[%clk 0:59:00]} 34. Qg7+ {[%clk 0:17:04]} Kf5 {[%clk 0:59:00]} 35.
g4+ {[%clk 0:16:49]} Kf4 {[%clk 0:59:00]} 36. Qd4+ {[%clk 0:15:47]} Kg5 {[%clk
0:59:00]} 37. Qe5+ {[%clk 0:14:37]} Qxe5 {[%clk 0:59:00]} 38. Bxe5 {[%clk
0:15:03]} hxg4 {[%clk 0:59:00]} 39. hxg4 {[%clk 0:15:28]} Kxg4 {[%clk 1:00:00]}
40. Ke2 {[%clk 0:15:54]} Kf5 {[%clk 1:00:00]} 41. Bd4 {[%clk 0:15:55]} a6 {[%clk
1:00:00]} 42. Kd2 {[%clk 0:16:17]} Ke4 {[%clk 1:01:00]} 43. Kc3 {[%clk 0:16:34]}
Kd5 {[%clk 1:01:00]} 44. a4 {[%clk 0:16:10]} f5 {[%clk 1:01:00]} 45. Bg1 {[%clk
0:16:17]} f4 {[%clk 1:01:00]} 46. Kb4 {[%clk 0:16:42]} Kc6 {[%clk 1:01:00]} 47.
Kxc4 {[%clk 0:17:02]} f3 {[%clk 1:02:00]} 48. b4 {[%clk 0:17:18]} Kb7 {[%clk
1:02:00]} 49. Kc5 {[%clk 0:17:11]} Kc7 {[%clk 1:02:00]} 50. b5 {[%clk 0:16:52]}
axb5 {[%clk 1:02:00]} 51. axb5 {[%clk 0:16:52]} Kb7 {[%clk 1:02:00]} 52. b6
{[%clk 0:16:52]} Kc8 {[%clk 1:02:00]} 53. Kc6 {[%clk 0:16:52]} Kb8 {[%clk
1:02:00]} 54. Bh2+ {[%clk 0:16:52]} 1-0